Vozár, J.: Denník princa Leopolda z cesty do Stredoslovenských banských miest roku 1764

Podrobná bibliografia
Hlavný autor: Kamenický, M. (Autor)
Médium: Článok
Jazyk:slovenčina
Predmet:

MARC

LEADER 00000nab a2200000 a 4500
001 vtls000455337
003 SK-MaSNL
005 20260426094849.0
008 230120c1991 xo 0 slo
015 |a SNBRB19rr/mm-uuuuu 
035 |a CL0455468 
035 |a (urnnbn)urn:nbn:sk:snk:ar-004sep 
035 |a (uuid)8c52defc-cb41-4d24-ac9f-500fbadb0038 
035 |a urn:nbn:sk:snk-ab7x5w 
040 |a SNKBUCL  |b slo  |c SNKBUCL  |e AACR2 
041 0 |a slo 
044 |a xo  |c SK 
080 |a 943.76"17":622:911.375  |2 1981 
080 |a 622  |2 1981 
080 |a 911.375  |2 1981 
080 |a 943.92  |2 1981 
080 |a 929.52  |2 1981 
080 |a 929 Leopold II.  |2 1981 
100 1 |a Kamenický, M.  |4 aut  |9 1019404 
245 1 0 |a Vozár, J.: Denník princa Leopolda z cesty do Stredoslovenských banských miest roku 1764  |c M. Kamenický ; Leopold II. 
600 0 7 |a Leopold  |b II.,  |c cisár Svätej ríše rímskej,  |d 1747-1792  |2 snkbucl  |9 239883 
650 0 7 |a banské mestá  |2 snkbucl  |9 66950 
650 0 7 |a cestovné denníky  |2 snkbucl  |9 1224771 
650 0 7 |a monografie  |2 snkbucl  |9 256509 
651 7 |a Slovensko stredné  |2 snkbucl  |9 163655 
655 7 |a recenzie  |2 snkbucl  |9 21907 
655 7 |a články z novín a časopisov  |2 snkbucl  |9 267496 
773 0 |t Historický časopis  |g Roč. 39, č. 6 (1991), s. 677-679 
787 0 8 |i Rec.:  |a Vozár, J.  |t Denník princa Leopolda z cesty do Stredoslovenských banských miest roku 1764  |d Martin : Osveta, 1990 
850 |a Slovenská národná knižnica v Martine  |a MTA001 
852 |a SNK  |b KIS3GCP 
954 |a odborná, vedecká literatúra pôvodná (slovenská)  |2 lita 
958 |a OND 
958 |a BX 
958 |a RK 
958 |a CZ 
958 |a EUIPO 
992 |a RBX 
999 |c 3149800  |d 3151730